Statistiques concernant Devinez l'État Américain Mystère #20

Cliquez ici pour prendre le quiz!

Statistiques générales

  • Ce quiz a été pris 147 fois
  • Le résultat moyen est 30 sur 35

Statistiques - réponses

Type de RéponseRéponse% Correct
Lettre de l'AlphabetE
100%
Lettre de l'AlphabetN
100%
Lettre TrouvéeO
100%
Lettre TrouvéeR
100%
Lettre TrouvéeA
99%
Lettre de l'AlphabetI
99%
Lettre TrouvéeL
99%
Lettre de l'AlphabetS
98%
Lettre TrouvéeD
96%
Lettre de l'AlphabetM
96%
Lettre de l'AlphabetK
95%
Lettre de l'AlphabetT
95%
Lettre de l'AlphabetF
93%
Lettre de l'AlphabetW
93%
Lettre TrouvéeC
92%
Lettre de l'AlphabetG
92%
Lettre de l'AlphabetU
91%
Lettre de l'AlphabetH
90%
Lettre de l'AlphabetY
87%
Lettre Bien PlacéeL
86%
Lettre de l'AlphabetB
84%
Lettre de l'AlphabetV
84%
Lettre Bien PlacéeA
83%
Lettre de l'AlphabetP
77%
Lettre de l'AlphabetZ
77%
Lettre de l'AlphabetX
76%
Lettre de l'AlphabetJ
74%
Lettre de l'AlphabetQ
70%
Lettre Bien PlacéeC
68%
État MystèreColorado
68%
Lettre Bien PlacéeD
68%
Lettre Bien PlacéeO
68%
Lettre Bien PlacéeO
68%
Lettre Bien PlacéeO
68%
Lettre Bien PlacéeR
68%

Distribution des résultats

Percentile par nombre de réponses

% des personnes avec chaque résultat

Votre développement - résultats

Vous n’avez pas pris ce quiz